Το ντοκιμαντέρ και οι τεχνοτροπίες του : διπλωματική εργασία [πτυχιακή εργασία]

Αποθηκεύτηκε σε:
Λεπτομέρειες βιβλιογραφικής εγγραφής
Κύριος συγγραφέας: Γραμματέα, Όλγα
Συγγραφή απο Οργανισμό/Αρχή: Πανεπιστήμιο Αιγαίου. Σχολή Ανθρωπιστικών Επιστημών. Παιδαγωγικό Τμήμα Δημοτικής Εκπαίδευσης
Μορφή: Thesis Βιβλίο
Γλώσσα:Greek
Δημοσίευση: 2016.
Θέματα:
Διαθέσιμο Online:http://hdl.handle.net/11610/17794
Ετικέτες: Προσθήκη ετικέτας
Δεν υπάρχουν, Καταχωρήστε ετικέτα πρώτοι!

MARC

LEADER 00000cam a2200000 a 4500
001 1/111997
008 160920s2016####gr | ||| |||| ||gre||
040 |a GR-MyUa  |b gre  |c GR-MyUa  |e AACR2 
041 0 |a gre 
082 7 |a 791.45   |2 (23) 
100 1 |a Γραμματέα, Όλγα. 
245 1 3 |a Το ντοκιμαντέρ και οι τεχνοτροπίες του :   |b διπλωματική εργασία [πτυχιακή εργασία] /   |c Γραμματέα Όλγα ; επιβλέπων καθηγητής: Σοφός Αλιβίζος.  
260 |c 2016.  
300 |a 46 σ. ;   |c 30 εκ.  
500 |a Μέλη εξεταστικής επιτροπής: Δάρρα Μαρία, Κλαδάκη Μαρία.  
502 # # |a Πτυχιακή εργασία – Πανεπιστήμιο Αιγαίου, Ρόδος, 2016. 
504 |a Βιβλιογραφία: σ. 43-46.  
506 0 |a Πλήρες κείμενο - Ελεύθερη δημοσίευση.  
650 0 |a Documentary films  |x Production and direction. 
650 0 |a Television  |x Production and direction. 
650 0 |a Documentary television programs. 
650 0 |a Archival materials. 
700 1 |a Σοφός, Αλιβίζος,  |e dgs 
710 2 |a Πανεπιστήμιο Αιγαίου.   |b Σχολή Ανθρωπιστικών Επιστημών.   |b Παιδαγωγικό Τμήμα Δημοτικής Εκπαίδευσης. 
852 |a INST  |b RHODES  |c DIATR  |e 20160919  |h 791.45 ΓΡΑ  |p 005400038787  |q 005400038787  |t DIE  |y 23 
856 |u http://hdl.handle.net/11610/17794 
924 |a Γραμματέα   |b Όλγα   |y Ρόδος  |z 2016-07  
970 |z 20-09-2016